000 00893nam a2200277 a 4500
001 000022112
003 DO-SdBNP
005 20250612124132.0
008 100916s1999 mx ab r 000 0 spa d
020 _a9681905326
040 _aDO-SdBNP
_bspa
_cBNPHU
049 _aBNGR
082 4 _a330.98
_bS844d
100 1 _aStevens, Willy,
_d1939-
_945809
245 1 0 _aDesafíos para América Latina /
_cWilly Stevens ; prólogo Óscar Arias.
260 _aMéxico :
_bTaurus,
_c1999.
300 _a454 p. :
_bil., mapas ;
_c24cm.
490 1 _aPensamiento
650 7 _aProblemas sociales
_99290
651 7 _aAmérica Latina
_xRelaciones exteriores
_2LEMB
_94075
651 7 _aAmérica Latina
_xPolítica y gobierno
_2Siglo XX
_92618
651 7 _aAmérica Latina
_xCondiciones sociales
_95034
700 1 _aArias, Óscar
_epról.
_945812
830 0 _aPensamiento
_99245
942 _2ddc
_cLBS1
999 _c21610
_d21610